Encuesta sobre infraestructura y equipamiento local : provincia de Barcelona 1993 : manual de instrucciones provincia de Barcelona 1993 :
Descripción Física:
180 p. ; 21 cm
MARC
| LEADER | 00000nam a2200000Ia 4500 | ||
|---|---|---|---|
| 001 | 17204 | ||
| 008 | 160829s1993 xx 000 0 cat d | ||
| 080 | |a C-2-409 | ||
| 245 | |a Encuesta sobre infraestructura y equipamiento local : |b provincia de Barcelona 1993 : |b manual de instrucciones | ||
| 260 | |a Barcelona : |b Diputació de Barcelona, |c 1993 | ||
| 300 | |a 180 p. ; |c 21 cm | ||
| 650 | |a Infraestructura (Transport) |9 28079 | ||
| 650 | |a Enquestes socials |x Barcelona (Província) |9 22827 | ||
| 710 | 1 | |a Barcelona (Catalunya : Província). |b Diputació |9 52408 | |
| 901 | |a Arxiu | ||
| 942 | |n 1 | ||
| 952 | |0 0 |1 0 |4 0 |6 C2409 |7 1 |9 45616 |a Arxiu |b Arxiu |d 2016-12-01 |l 0 |o C-2-409 |p 17204 |r 2016-12-01 00:00:00 |w 2016-12-01 |y ARXIU | ||
| 999 | |c 49115 |d 49115 | ||